Movies Quiz

Random Movies or Pixar Quiz
Score 0/20 Timer 05:00
3 Plays Today
Question Answer Wrong Answers
Lightning McQueen Red
96.1%
Orange
0.2%
Green
0.3%
Blue
0.4%
Nemo Orange
95.2%
Rainbow
0.3%
Gold/Purple
0.2%
Orange - Desaturating
1.3%
James P. Sullivan Turquoise
93.8%
Purple
0.7%
Red
0.2%
Green
2.2%
Dash Parr Yellow
91.1%
Red
4.6%
Silver
0.8%
Blue
0.5%
Tow Mater Brown
89.4%
Purple
0.8%
Yellow
3.8%
Blue
3.1%
Merida Orange
87.1%
Yellow
0.7%
Purple
0.2%
Red
9%
Dory Yellow
83.9%
Blue
9.7%
Purple
1.4%
Green
1.9%
Remy Salmon
82.6%
Pink
5.9%
Yellow
1.3%
Grey
7.2%
Spot Salmon
79.9%
Red
10.6%
Black
1.3%
Pink
5.1%
Woody Gold
76.9%
Silver
10.5%
Green
1.3%
Red
8.2%
Miguel Rivera Red
76.7%
Purple
6.8%
Green
6.5%
Turquoise
6.8%
Buzz Lightyear Red
75.4%
Green
8.3%
Blue
10%
Yellow
3.3%
Mr. Potato Head Pink Ears/Blue Shoes
70.4%
Blue Ears/Pink Shoes
11%
Green Ears/Blue Shoes
12.9%
Green Ears/Yellow Shoes
2.8%
Hopper Brown/Yellow
66.5%
Green
22.2%
Red
4.2%
Blue
4.1%
Russell Orange
64.9%
Yellow
19%
Pink
2.1%
Blue
11.1%
EVE Blue
60.8%
Red
7.2%
Green
12.3%
Turquoise
16.7%
Joy Dark Blue
59.2%
Orange
5.7%
Pink
6%
Green
25.9%
Bing Bong Pink
44.1%
Purplish
22.8%
Orange
6.8%
Blue
23.3%
Arlo Brown
41.9%
Purple
8.3%
Green
26.2%
Blue
20.7%
Roz Red
41.7%
Green
18.2%
Grey
17.9%
Blue
19.1%
Remove Ads.
Support Sporcle.
Get the best of Sporcle when you Go Orange. This ad-free experience offers more features, more stats, and more fun while also helping to support Sporcle. Thank you for becoming a member.

You're not logged in!

Compare scores with friends on all Sporcle quizzes.
OR
Log In

Show Comments

Extras

Top Quizzes Today


Score Distribution

Your Account Isn't Verified!

In order to create a playlist on Sporcle, you need to verify the email address you used during registration. Go to your Sporcle Settings to finish the process.

Report this User

Report this user for behavior that violates our Community Guidelines.

Details: